[Event "Les Herbiers op-A"]
[Site "Les Herbiers"]
[Date "2020.01.05"]
[Round "5.5"]
[White "Limousin, Eric"]
[Black "Rineau, Nathan"]
[Result "1/2-1/2"]
[WhiteElo "1719"]
[BlackElo "1652"]
[PlyCount "105"]
[EventDate "2020.01.??"]
[EventType "swiss (rapid)"]
[EventRounds "5"]
[EventCountry "FRA"]
[SourceTitle "EXT 2021"]
[Source "ChessBase"]
[SourceDate "2020.10.23"]
[SourceVersion "1"]
[SourceVersionDate "2020.10.23"]
[SourceQuality "1"]

1. d4 f5 2. c4 Nf6 3. Nc3 e6 4. g3 d5 5. cxd5 exd5 6. Bg2 c6 7. Nf3 Bd6 8. 0-0 0-0 9. e3 Ne4 10. Ne1 b6 11. f3 Nxc3 12. bxc3 Re8 13. Nd3 Bb7 14. Qc2 g6 15. c4 Na6 16. c5 bxc5 17. dxc5 Bf8 18. Rb1 Rb8 19. e4 Nc7 20. exf5 gxf5 21. Nf4 Ba6 22. Rxb8 Qxb8 23. Rd1 Qb4 24. h4 Qxc5+ 25. Qxc5 Bxc5+ 26. Kh2 Be3 27. Nh5 Kf7 28. Bb2 d4 29. g4 f4 30. g5 Kg6 31. Nf6 Rd8 32. Bh3 c5 33. Ne4 c4 34. Bg4 c3 35. h5+ Kf7 36. Bxc3 Be2 37. Re1 Bxf3 38. Bxf3 dxc3 39. Re2 Nb5 40. Rc2 Nd4 41. Rxc3 Nxf3+ 42. Kg2 Ne1+ 43. Kf1 Nf3 44. Rc7+ Kf8 45. Rxa7 Nd2+ 46. Nxd2 Rxd2 47. g6 Rd6 48. Ra8+ Kg7 49. Ra7+ Kg8 50. Rf7 Rd1+ 51. Ke2 Rh1 52. Rf5 Kg7 53. Rf7+ 1/2-1/2

[Event "Les Herbiers op-A"]
[Site "Les Herbiers"]
[Date "2020.01.04"]
[Round "1.6"]
[White "Rineau, Nathan"]
[Black "Maugin, Narada"]
[Result "0-1"]
[WhiteElo "1652"]
[BlackElo "1916"]
[PlyCount "114"]
[EventDate "2020.01.??"]
[EventType "swiss (rapid)"]
[EventRounds "5"]
[EventCountry "FRA"]
[SourceTitle "EXT 2021"]
[Source "ChessBase"]
[SourceDate "2020.10.23"]
[SourceVersion "1"]
[SourceVersionDate "2020.10.23"]
[SourceQuality "1"]

1. c4 e5 2. Nc3 Nc6 3. g3 Bc5 4. Bg2 d6 5. e3 a6 6. Nge2 Ba7 7. 0-0 h5 8. d4 h4 9. Bxc6+ bxc6 10. dxe5 Bh3 11. Re1 hxg3 12. fxg3 Nh6 13. exd6 cxd6 14. Ne4 Nf5 15. Nf4 Qe7 16. Nf2 0-0-0 17. N4xh3 Kb8 18. Qg4 g6 19. e4 Nd4 20. Rd1 f5 21. exf5 gxf5 22. Qg5 Nf3+ 23. Kg2 Nxg5 24. Bxg5 Qh7 25. Bxd8 Rxd8 26. Ng5 Qg6 27. h4 Be3 28. Nfh3 f4 29. Nxf4 Bxf4 30. gxf4 Qc2+ 31. Kg3 d5 32. cxd5 cxd5 33. h5 Rh8 34. Rh1 Qd3+ 35. Kf2 d4 36. Raf1 Qe3+ 37. Kg2 Rf8 38. h6 Rxf4 39. Rxf4 Qxf4 40. h7 Qxg5+ 41. Kf1 Qf4+ 42. Kg1 Qc1+ 43. Kg2 Qxb2+ 44. Kg3 Qc3+ 45. Kg4 Qc8+ 46. Kg3 Qh8 47. Kf4 Kc7 48. Kg3 Kd6 49. Kf2 Kc5 50. Ke1 Qe8+ 51. Kf2 Qe3+ 52. Kg2 Qe2+ 53. Kg3 Qe5+ 54. Kf2 Qh8 55. Rh3 d3 56. Rxd3 Qxh7 57. Re3 Qh2+ 0-1

[Event "Sautron op 19th"]
[Site "Sautron"]
[Date "2019.10.19"]
[Round "5.20"]
[White "Rineau, Nathan"]
[Black "Maugin, Narada"]
[Result "0-1"]
[WhiteElo "1689"]
[BlackElo "1852"]
[PlyCount "42"]
[EventDate "2019.12.10"]
[EventType "swiss"]
[EventRounds "9"]
[EventCountry "FRA"]
[SourceTitle "EXT 2022"]
[Source "ChessBase"]
[SourceDate "2021.10.06"]
[SourceVersion "1"]
[SourceVersionDate "2021.10.06"]
[SourceQuality "1"]

1. c4 Nf6 2. Nc3 c5 3. Nf3 d5 4. cxd5 Nxd5 5. e4 Nb4 6. d3 N8c6 7. a3 Na6 8. Be2 e5 9. 0-0 Bd6 10. Bd2 Nc7 11. Ne1 0-0 12. Nc2 Nd4 13. Nxd4 cxd4 14. Na2 a5 15. Bg4 Qe7 16. Bxc8 Raxc8 17. b4 a4 18. Qg4 Nb5 19. Bc1 Qe6 20. Qxe6 fxe6 21. Rd1 Rc2 0-1

[Event "Gorges op 28th"]
[Site "Gorges"]
[Date "2018.07.08"]
[Round "4"]
[White "Fache, Jacques"]
[Black "Rineau, Nathan"]
[Result "0-1"]
[WhiteElo "1568"]
[BlackElo "1635"]
[PlyCount "114"]
[EventDate "2018.07.07"]
[EventType "swiss"]
[EventRounds "5"]
[EventCountry "FRA"]
[SourceTitle "EXT 2020"]
[Source "ChessBase"]
[SourceDate "2019.10.17"]
[SourceVersion "1"]
[SourceVersionDate "2019.10.17"]
[SourceQuality "1"]

1. e4 c6 2. Nf3 d5 3. Nc3 dxe4 4. Nxe4 Bg4 5. Bc4 e6 6. h3 Bxf3 7. Qxf3 Nd7 8. d4 Ngf6 9. Bg5 Qa5+ 10. Bd2 Qb6 11. Bc3 Nxe4 12. Qxe4 Bb4 13. Qf3 Qxd4 14. Bxb4 Qxc4 15. Bc3 0-0 16. b3 Qd5 17. Qe3 Rfd8 18. 0-0 Qf5 19. Rac1 Nf6 20. Bb2 Rd7 21. c4 Rd3 22. Qe2 Rad8 23. Rcd1 Qe4 24. Rxd3 Qxd3 25. Qe5 h6 26. Qc7 Qd7 27. Qg3 Qe7 28. Be5 Nh5 29. Qe3 Qg5 30. f4 Qg6 31. Qxa7 Rd3 32. Qf2 Rxh3 33. Rd1 Rd3 34. Rxd3 Qxd3 35. g4 Qd1+ 36. Kh2 Qxg4 37. b4 Qf5 38. Qf3 f6 39. Bc7 e5 40. b5 cxb5 41. cxb5 Qxf4+ 42. Qxf4 Nxf4 43. a4 Nd5 44. b6 Kf7 45. a5 Ke7 46. a6 Nxb6 47. a7 Na8 48. Ba5 Ke6 49. Bd2 Kd5 50. Kg3 Ke4 51. Kh3 Kd3 52. Bb4 e4 53. Kg4 e3 54. Kf3 h5 55. Bc5 e2 56. Kf2 Kd2 57. Bb4+ Kd1 0-1

[Event "Gorges op 22th"]
[Site "Gorges"]
[Date "2012.07.12"]
[Round "6"]
[White "Delinotte, Bernard"]
[Black "Rineau, Nathan"]
[Result "0-1"]
[WhiteElo "1326"]
[BlackElo "1560"]
[PlyCount "94"]
[EventDate "2012.07.08"]
[EventType "swiss"]
[EventRounds "7"]
[EventCountry "FRA"]
[SourceTitle "CBM 149 Extra"]
[Source "ChessBase"]
[SourceDate "2012.08.24"]
[SourceVersion "1"]
[SourceVersionDate "2012.08.24"]
[SourceQuality "1"]

1. e4 e5 2. Nf3 Nc6 3. d4 exd4 4. Nxd4 Nxd4 5. Qxd4 d6 6. Bc4 Nf6 7. Nc3 Be7 8. 0-0 0-0 9. h3 c5 10. Qd3 a6 11. a4 Be6 12. Nd5 Re8 13. a5 Nxd5 14. Bxd5 Bxd5 15. Qxd5 Bf6 16. c3 Rb8 17. Rd1 Re6 18. Bf4 Be5 19. Bxe5 Rxe5 20. Qxd6 Qxd6 21. Rxd6 Rxe4 22. Rad1 g6 23. b3 Re2 24. R6d5 Rb2 25. Rxc5 Rxb3 26. Rd4 Ra3 27. Rd6 Rb3 28. Rb6 Rxb6 29. axb6 Kg7 30. g4 Kf6 31. f4 Rd8 32. Kg2 Rd2+ 33. Kg3 Rb2 34. Kh4 Rxb6 35. g5+ Kg7 36. Kg4 Rc6 37. Rxc6 bxc6 38. Kf3 f5 39. Ke3 Kf7 40. Kd3 Ke6 41. Kc4 Kd6 42. h4 a5 43. Kb3 Kd5 44. Ka4 Kc4 45. Kxa5 Kxc3 46. Kb6 Kd4 47. Kxc6 Ke4 0-1